000 00318pam a2200121a 44500
008 230405s2022 xxu||||| |||| 00| 0 eng d
041 _aENG
100 _aDR.S.B BHISE / M M S. BHISE
245 _aPHARMACEUTICAL MICRBIOLOGY (DR.S.B BHISE )
260 _aPUNE
_bNIRALI PRAKESHN
_c2022
300 _a5.2
906 _a2825
999 _c268264
_d268264